[Event "47th GER-ch Blitz 2020"]
[Site "Magdeburg"]
[Date "2020.08.15"]
[Round "22.5"]
[White "Voege, Tobias"]
[Black "Berger, Steve"]
[Result "1-0"]
[WhiteElo "2326"]
[BlackElo "2408"]
[Annotator "TA"]
[PlyCount "105"]
[EventDate "2020.07.28"]
[EventType "tourn"]
[EventCountry "GER"]
[SourceTitle "playchess.com"]
[Source "ChessBase"]
[SourceQuality "1"]

{[%evp 12,105,20,10,31,25,19,23,22,17,21,4,14,0,0,-4,0,-8,4,0,0,-3,0,-91,-17,-53,-53,-49,86,82,96,54,160,72,207,227,195,213,765,710,661,368,303,303,291,91,219,229,190,132,339,293,285,284,278,283,345,264,458,384,385,385,454,407,372,351,326,291,370,267,721,694,710,197,217,221,174,-1399,0,-425,208,152,471,470,1088,159,159,175,121,127,477,221,789,790,738,644]} 1. d4 d5 2. c4 dxc4 3. e4 Nf6 4. e5 Nd5 5. Bxc4 Nb6 6. Bb3 Nc6 7. Ne2 (7. Nf3 {keeps more tension.} Bg4 8. Be3 e6 9. O-O Be7 10. Nc3) 7... Bg4 {D20: Queen's Gambit Accepted: 3 e3 and 3 e4.} 8. Nbc3 {was the old line (8.f3).} e6 9. O-O Qd7 {White has an edge.} 10. Be3 Be7 11. f3 Bf5 12. a3 O-O-O {[#]} 13. Ba2 $146 ({Predecessor:} 13. Qc1 Kb8 14. Rd1 f6 15. exf6 gxf6 16. Ng3 Bg6 17. Nge4 Na5 18. Ba2 Nac4 19. Bf2 {½-½ (53) Haba,P (2541)-Rabiega,R (2531) Germany 2010}) 13... Kb8 14. b4 {[%cal Bb2b4,Bb4b5][%mdl 32]} f6 15. b5 $36 {[%mdl 2048] White fights for an advantage.} Na5 16. exf6 gxf6 17. Ne4 (17. Bf2 $11) 17... Nac4 (17... Bxa3 $6 18. Qd3 $14) (17... Qxb5 $17 18. a4 Qd7) 18. Bf2 $11 Bxe4 (18... Bxa3 $2 19. Bxc4 Bxe4 20. fxe4 $18) 19. fxe4 Qxb5 {[#]} (19... Nxa3 $15 {stays ahead.} 20. Nf4 e5) 20. a4 $1 $16 {[%cal Ra4b5,Ba3a4,Ba4a5][%mdl 544]} Qg5 (20... Qxa4 21. Qxa4) 21. a5 Rhg8 {[#]} (21... Nxa5 $14 22. Bxe6 Rhe8) 22. g3 ({Better is} 22. Ng3 $1 Ne3 23. Qc1 Nxf1 24. axb6 cxb6 25. Qxf1) 22... Ne3 (22... Nxa5 $16 {was worth a try.} 23. Bxe6 Rge8) 23. Qd3 $18 Nxf1 24. axb6 Nd2 $2 (24... Qd2 25. bxc7+ Kxc7 26. Qc4+ Kb8) 25. bxc7+ Kxc7 26. Be3 Nf3+ 27. Kf2 Qh5 28. Bf4+ $2 (28. Bxe6 $18 {is the precise move to win.} Kb8 29. Bf4+ Ne5 30. Bxg8) 28... Bd6 (28... e5 $16 29. Qxf3 (29. Bxg8 Nxd4 30. Nxd4 Qxh2+ 31. Kf1 Qh1+ 32. Ke2 Qg2+ 33. Kd1 Kb8 $16) 29... Qxf3+ 30. Kxf3 exf4) 29. Qxf3 Qxh2+ 30. Qg2 (30. Ke1 $18 Rge8 31. Rb1 Bxf4 32. Qxf4+ {[%mdl 64] Double Attack} (32. gxf4 Kb8 $16) 32... e5 33. dxe5 (33. Qxf6 Qh1+ 34. Kd2 Qxe4 $11) 33... Qh1+ 34. Kf2 Qh2+ 35. Kf1 Qh3+ 36. Kg1 fxe5 37. Qc1+ (37. Qf7+ Qd7 $16) 37... Kb8 38. Bd5 Rxd5 39. exd5) 30... Qh5 $2 (30... Qxg2+ $16 {is a better defense.} 31. Kxg2 Rge8) 31. Rc1+ Kb8 32. Bxe6 Rge8 33. d5 Ka8 34. Qh1 Qg6 $2 (34... Bc5+ 35. Be3 Bxe3+ 36. Kxe3 Qe5) 35. Bxd6 Rxd6 36. Bf5 Qg5 {Black hopes to continue with ...Rxd5.} 37. Nf4 a6 38. Rc7 {Black must now prevent Qb1.} Rb6 {Hoping for ...Rb2+.} 39. Rc2 Rg8 40. Qh4 Qg7 $2 (40... h6 41. Rd2 Qxh4 42. gxh4 Rd8) 41. Ne6 Qe7 42. Qf4 $2 (42. e5) 42... Qa3 43. Nc7+ (43. Bxh7 Rh8 $17) 43... Ka7 44. Qf3 $4 {[%mdl 8192]} (44. Bxh7 Rh8 $17) (44. Qe3 $18 Qxe3+ 45. Kxe3) 44... Qa4 $2 (44... Rb3 $19 45. Qf4 Rbxg3 46. Nb5+ axb5 47. Bh3 Rxh3 48. Re2 Rgg3 49. e5 Rh2+ 50. Ke1 Qc3+ 51. Kf1 Qa1+ 52. Re1 Rh1+ 53. Kf2 Qxe1#) 45. Re2 $2 {[%mdl 8192]} (45. Qd3 $11) 45... Qa5 $4 {[%mdl 8192]} (45... Rb3 $19 {and all is fine.} 46. Re3 Qa2+ 47. Kf1 (47. Qe2 $2 Rb2 $19) 47... Rb1+ 48. Re1 Qc4+ 49. Kf2 Rxe1 50. Kxe1 Qxc7) 46. Ne6 (46. Bxh7 $2 Rh8 $19) 46... Qa4 $2 (46... Qa1 $16 47. Kg2 (47. Bxh7 $2 Rh8 $17) 47... Rb1 48. Qf2+ Ka8) 47. Qe3 {Threatens to win with Rb2.} Rc8 (47... Qb3 $142 48. Qxb3 (48. Bxh7 Rh8 $18) 48... Rxb3) 48. Rb2 $2 (48. Nc5 $18 {and White stays clearly on top.} Rxc5 49. Qxc5) 48... Rc2+ $16 49. Rxc2 Qxc2+ 50. Kf3 Qb2 $2 {[%mdl 8192]} (50... Qd1+ $16 {is tougher.} 51. Kf4 Qh1) 51. d6 (51. Nc5 $142) 51... Kb8 $2 (51... Qb1 52. Nf4 Kb8) 52. d7 $18 Rd6 53. d8=Q+ {Never resign too early! Accuracy: White = 52%, Black = 31%.} 1-0

[Event "47th GER-ch Blitz 2020"]
[Site "Magdeburg"]
[Date "2020.08.15"]
[Round "22.6"]
[White "Holtel, Jasper"]
[Black "Kopylov, Michael"]
[Result "0-1"]
[WhiteElo "2305"]
[BlackElo "2407"]
[Annotator "RC"]
[PlyCount "96"]
[EventDate "2020.07.28"]
[EventType "tourn"]
[EventCountry "GER"]
[SourceTitle "playchess.com"]
[Source "ChessBase"]
[SourceQuality "1"]
[TimeControl "180+2"]

1. e4 {[%emt 0:00:00]} Nf6 {[%emt 0:00:00]} 2. e5 {[%emt 0:00:04]} Nd5 {[%emt 0:00:00]} 3. d4 {[%emt 0:00:01]} d6 {[%emt 0:00:01]} 4. exd6 {[%emt 0:00:02]} cxd6 {[%emt 0:00:00]} 5. c4 {[%emt 0:00:01]} Nf6 {[%emt 0:00:02]} 6. Nc3 {[%emt 0:00:02]} g6 {[%emt 0:00:01]} 7. h3 {[%emt 0:00:02]} Bg7 {[%emt 0:00:00]} 8. Nf3 {[%emt 0:00:01]} O-O {[%emt 0:00:02]} 9. Be2 {[%emt 0:00:01]} Nc6 {[%emt 0:00:01]} 10. O-O {[%emt 0:00:02]} d5 {[%emt 0:00:00]} 11. c5 {[%emt 0:00:07]} b6 {[%emt 0:00:12]} 12. Bb5 {[%emt 0:00:05]} Bd7 {[%emt 0:00:03]} 13. Bxc6 {[%emt 0:00:05]} Bxc6 {[%emt 0:00:01]} 14. b4 {[%emt 0:00:05]} bxc5 {[%emt 0:00:08]} 15. bxc5 {[%emt 0:00:02]} Ne4 {[%emt 0:00:04]} 16. Nxe4 {[%emt 0:00:31]} dxe4 {[%emt 0:00:01]} 17. Ne5 {[%emt 0:00:01]} Bd5 {[%emt 0:00:14]} 18. Be3 {[%emt 0:00:03]} Qa5 {[%emt 0:00:04]} 19. Qc2 {[%emt 0:00:16]} Rfd8 {[%emt 0:00:18]} 20. Rfb1 {[%emt 0:00:17]} Qa6 {[%emt 0:00:21]} 21. Rb2 {[%emt 0:00:07]} f6 {[%emt 0:00:17]} 22. Ng4 {[%emt 0:00:02]} h5 {[%emt 0:00:03]} 23. Nh2 {[%emt 0:00:02]} f5 {[%emt 0:00:05]} 24. Rd1 {[%emt 0:00:25]} e5 {[%emt 0:00:19]} 25. dxe5 {[%emt 0:00:08]} Bxe5 {[%emt 0:00:02]} 26. Bd4 {[%emt 0:00:23]} Qf6 {[%emt 0:00:24]} 27. Bxe5 {[%emt 0:00:12]} Qxe5 {[%emt 0:00:00]} 28. Nf1 {[%emt 0:00:07]} f4 {[%emt 0:00:13]} 29. c6 {[%emt 0:00:12]} Rac8 {[%emt 0:00:09]} 30. Rb5 {[%emt 0:00:03]} Qe6 {[%emt 0:00:25]} 31. c7 {[%emt 0:00:13]} Rd7 {[%emt 0:00:06]} 32. Rc5 {[%emt 0:00:15]} Kh7 {[%emt 0:00:19]} 33. a3 {[%emt 0:00:04]} e3 {[%emt 0:00:03]} 34. fxe3 {[%emt 0:00:02]} fxe3 {[%emt 0:00:00]} 35. Qe2 {[%emt 0:00:02]} Rcxc7 {[%emt 0:00:03]} 36. Rxc7 {[%emt 0:00:01]} Rxc7 37. Qxe3 {[%emt 0:00:01]} Rc2 {[%emt 0:00:06]} 38. Qxe6 {[%emt 0:00:04]} Bxe6 {[%emt 0:00:02]} 39. Ne3 {[%emt 0:00:02]} Ra2 {[%emt 0:00:01]} 40. Rd3 {[%emt 0:00:01]} Kg7 {[%emt 0:00:01]} 41. Rc3 {[%emt 0:00:01]} Kf6 {[%emt 0:00:01]} 42. Kh2 {[%emt 0:00:01]} Ke5 {[%emt 0:00:01]} 43. Kg3 {[%emt 0:00:02]} Kd4 {[%emt 0:00:00]} 44. Nd1 {[%emt 0:00:02]} Rd2 {[%emt 0:00:04]} 45. Re3 {[%emt 0:00:02]} Bd5 {[%emt 0:00:01]} 46. Re1 {[%emt 0:00:02]} Rxg2+ {[%emt 0:00:01]} 47. Kh4 {[%emt 0:00:01]} Bf3 {[%emt 0:00:02]} 48. Ne3 {[%emt 0:00:03]} g5# 0-1

[Event "47th GER-ch Blitz 2020"]
[Site "Magdeburg"]
[Date "2020.08.15"]
[Round "22.7"]
[White "Langrock, Hannes"]
[Black "Hess, Max"]
[Result "0-1"]
[WhiteElo "2346"]
[BlackElo "2378"]
[Annotator "RC"]
[PlyCount "94"]
[EventDate "2020.07.28"]
[EventType "tourn"]
[EventCountry "GER"]
[SourceTitle "playchess.com"]
[Source "ChessBase"]
[SourceQuality "1"]
[TimeControl "180+2"]

1. d4 {[%emt 0:00:00]} Nf6 {[%emt 0:00:00]} 2. c4 {[%emt 0:00:00]} g6 {[%emt 0:00:00]} 3. g3 {[%emt 0:00:00]} Bg7 {[%emt 0:00:01]} 4. Bg2 {[%emt 0:00:01]} O-O {[%emt 0:00:01]} 5. Nc3 {[%emt 0:00:01]} d6 {[%emt 0:00:01]} 6. Nf3 {[%emt 0:00:01]} Nbd7 {[%emt 0:00:01]} 7. O-O {[%emt 0:00:02]} e5 {[%emt 0:00:00]} 8. e4 {[%emt 0:00:03]} c6 {[%emt 0:00:02]} 9. h3 {[%emt 0:00:04]} Qa5 {[%emt 0:00:01]} 10. Re1 {[%emt 0:00:04]} exd4 {[%emt 0:00:03]} 11. Nxd4 {[%emt 0:00:02]} Ne5 {[%emt 0:00:01]} 12. Bf1 {[%emt 0:00:03]} Be6 {[%emt 0:00:03]} 13. Nxe6 {[%emt 0:00:09]} fxe6 {[%emt 0:00:01]} 14. Kg2 {[%emt 0:00:09]} Rad8 {[%emt 0:00:10]} 15. f4 {[%emt 0:00:11]} Nf7 {[%emt 0:00:02]} 16. Be3 {[%emt 0:00:09]} e5 {[%emt 0:00:11]} 17. Qd2 exf4 {[%emt 0:00:24]} 18. gxf4 {[%emt 0:00:38]} Rde8 {[%emt 0:00:24]} 19. Bd3 {[%emt 0:00:04]} Nh5 {[%emt 0:00:07]} 20. Rf1 {[%emt 0:00:20]} Qd8 {[%emt 0:00:25]} 21. Rae1 {[%emt 0:00:17]} Bh6 {[%emt 0:00:18]} 22. Be2 {[%emt 0:00:17]} Qh4 {[%emt 0:00:09]} 23. Bxh5 {[%emt 0:00:05]} Qxh5 {[%emt 0:00:01]} 24. Qe2 {[%emt 0:00:14]} Qa5 {[%emt 0:00:10]} 25. Qg4 {[%emt 0:00:08]} Bg7 {[%emt 0:00:04]} 26. Bd2 {[%emt 0:00:05]} Qb4 {[%emt 0:00:10]} 27. Qe2 {[%emt 0:00:15]} Qxb2 {[%emt 0:00:17]} 28. Rb1 {[%emt 0:00:02]} Qa3 {[%emt 0:00:02]} 29. Rxb7 {[%emt 0:00:17]} Bxc3 {[%emt 0:00:09]} 30. Rb3 {[%emt 0:00:01]} Qxa2 {[%emt 0:00:04]} 31. Rxc3 {[%emt 0:00:02]} Re7 {[%emt 0:00:16]} 32. Qd3 {[%emt 0:00:05]} Rfe8 {[%emt 0:00:02]} 33. Rc2 {[%emt 0:00:05]} Qa6 {[%emt 0:00:02]} 34. Re1 {[%emt 0:00:02]} Qb7 {[%emt 0:00:01]} 35. Bc3 {[%emt 0:00:02]} c5 {[%emt 0:00:03]} 36. Rce2 {[%emt 0:00:03]} Qd7 {[%emt 0:00:06]} 37. Ba1 {[%emt 0:00:01]} d5 {[%emt 0:00:14]} 38. cxd5 {[%emt 0:00:04]} Nd6 39. Qc3 {[%emt 0:00:04]} Rf8 {[%emt 0:00:05]} 40. Qh8+ {[%emt 0:00:05]} Kf7 {[%emt 0:00:01]} 41. Qxh7+ Ke8 42. e5 {[%emt 0:00:04]} Rxh7 {[%emt 0:00:02]} 43. exd6+ {[%emt 0:00:03]} Kd8 {[%emt 0:00:03]} 44. Be5 {[%emt 0:00:02]} Qxh3+ 45. Kf2 g5 {[%emt 0:00:08]} 46. Rb1 {[%emt 0:00:03]} Rxf4+ 47. Bxf4 gxf4 0-1

[Event "47th GER-ch Blitz 2020"]
[Site "Magdeburg"]
[Date "2020.08.15"]
[Round "22.8"]
[White "Siebrecht, Sebastian"]
[Black "Siebarth, Raiko"]
[Result "0-1"]
[WhiteElo "2429"]
[BlackElo "2333"]
[Annotator "ChessBase"]
[PlyCount "68"]
[EventDate "2020.07.28"]
[EventType "tourn"]
[EventCountry "GER"]
[SourceTitle "playchess.com"]
[Source "ChessBase"]
[SourceQuality "1"]
[TimeControl "180+2"]

1. c4 {[%emt 0:00:00]} g6 {[%emt 0:00:01]} 2. Nc3 {[%emt 0:00:00]} Bg7 {[%emt 0:00:01]} 3. d4 {[%emt 0:00:01]} d6 {[%emt 0:00:01]} 4. e4 {[%emt 0:00:01]} Nf6 {[%emt 0:00:01]} 5. Be2 {[%emt 0:00:01]} O-O {[%emt 0:00:01]} 6. g4 {[%emt 0:00:00]} Nfd7 {[%emt 0:00:08]} 7. h4 {[%emt 0:00:07]} c5 {[%emt 0:00:01]} 8. d5 {[%emt 0:00:01]} Qa5 {[%emt 0:00:19]} 9. h5 {[%emt 0:00:10]} b5 {[%emt 0:00:09]} 10. cxb5 {[%emt 0:00:05]} a6 {[%emt 0:00:01]} 11. b6 {[%emt 0:00:11]} Qxb6 {[%emt 0:00:12]} 12. hxg6 {[%emt 0:00:12]} fxg6 {[%emt 0:00:02]} 13. Nf3 {[%emt 0:00:13]} Ne5 {[%emt 0:00:33]} 14. Ng5 {[%emt 0:00:14]} c4 {[%emt 0:00:09]} 15. f4 {[%emt 0:00:08]} h6 {[%emt 0:00:15]} 16. Ne6 {[%emt 0:00:13]} Bxe6 {[%emt 0:00:01]} 17. dxe6 {[%emt 0:00:01]} Nec6 {[%emt 0:00:05]} 18. f5 {[%emt 0:00:30]} g5 {[%emt 0:00:01]} 19. Bxc4 {[%emt 0:00:12]} Ne5 {[%emt 0:00:08]} 20. Qe2 {[%emt 0:00:25]} Nbc6 {[%emt 0:00:01]} 21. Be3 {[%emt 0:00:14]} Nd4 {[%emt 0:00:13]} 22. Bxd4 {[%emt 0:00:25]} Qxd4 {[%emt 0:00:01]} 23. Bd5 {[%emt 0:00:00]} Rab8 {[%emt 0:00:01]} 24. Rd1 {[%emt 0:00:03]} Qb4 {[%emt 0:00:04]} 25. Rd2 {[%emt 0:00:05]} Qc5 {[%emt 0:00:12]} 26. Kd1 {[%emt 0:00:04]} Rfc8 {[%emt 0:00:05]} 27. Kc1 {[%emt 0:00:03]} Rxb2 {[%emt 0:00:05]} 28. Rxb2 {[%emt 0:00:03]} Qxc3+ {[%emt 0:00:01]} 29. Kb1 {[%emt 0:00:12]} Nd3 {[%emt 0:00:01]} 30. Qc2 {[%emt 0:00:03]} Qxb2+ {[%emt 0:00:05]} 31. Qxb2 Nxb2 {[%emt 0:00:01]} 32. Rh3 {[%emt 0:00:03]} Na4 {[%emt 0:00:02]} 33. Rb3 {[%emt 0:00:02]} Nc3+ {[%emt 0:00:01]} 34. Kc2 {[%emt 0:00:01]} Nxd5+ {[%emt 0:00:01]} 0-1

[Event "47th GER-ch Blitz 2020"]
[Site "Magdeburg"]
[Date "2020.08.15"]
[Round "22.9"]
[White "Braun, Georg"]
[Black "Schneider, Ilja"]
[Result "0-1"]
[WhiteElo "2360"]
[BlackElo "2479"]
[Annotator "TA"]
[PlyCount "108"]
[EventDate "2020.07.28"]
[EventType "tourn"]
[EventCountry "GER"]
[SourceTitle "playchess.com"]
[Source "ChessBase"]
[SourceQuality "1"]

{[%evp 14,108,46,30,54,25,22,34,34,13,22,13,25,0,39,0,0,-4,0,-12,-11,-12,0,0,0,0,0,0,0,0,0,0,0,0,0,-10,-8,-111,-127,-113,0,0,0,-66,-70,-74,-74,-114,-93,-139,-86,-252,-71,-139,-135,-240,-240,-399,-394,-307,-304,-441,-411,-322,-344,-428,-307,-307,-307,-1502,-1345,-5569,-5655,-5181,-3827,-2385,-2178,-12750,-12742,-6605,-5620,-12735,-12191,-9779,-5115,-1563,-405,-9750,-9508,-9485,-5616,-29980,-29981,-29981,-29982,-29981,-29979]} 1. e4 d6 2. d4 Nf6 3. Nc3 e5 4. Nf3 exd4 5. Nxd4 Be7 6. g3 Nc6 7. Bg2 O-O 8. O-O Bg4 {C41: Philidor Defence.} 9. f3 {Threatens to win with Nxc6.} Nxd4 10. Qxd4 Be6 {White is slightly better.} 11. f4 c6 {[#]} 12. Kh1 $146 ({Predecessor:} 12. a4 Qa5 13. f5 Bc8 14. Bd2 Qb6 15. Qxb6 axb6 16. Rad1 Ng4 17. h3 Ne5 18. b3 {½-½ (50) Danov,L (2326)-Bogosavljevic,B (2521) Skopje 2015}) 12... Re8 13. Be3 d5 {Hoping for ...c5.} (13... b5 {is interesting.} 14. a3 a5 15. Rfe1 Rb8 16. Qd3 Ng4) 14. exd5 (14. f5 $5 {[%cal Rf5e6]} Bd7 15. exd5 $14) 14... Nxd5 15. Nxd5 Bxd5 16. Bxd5 cxd5 17. c3 Bf6 18. Qd3 d4 19. Bxd4 Bxd4 20. cxd4 Qd5+ 21. Kg1 Rad8 22. Rfe1 Rxe1+ 23. Rxe1 Qxa2 $11 {[%mdl 4096] Endgame KQR-KQR} 24. d5 Qxb2 25. d6 (25. Rb1 $1 $11 {was the only way to keep the balance.} Rxd5 26. Rxb2 Rxd3 27. Rxb7) 25... Qb6+ $17 26. Kf1 Qa6 (26... Qc6 $17 27. d7 g6) 27. Qxa6 $11 bxa6 {KR-KR} 28. Re7 ({White should try} 28. Rc1 $11) 28... g6 $15 29. Rxa7 Rxd6 30. h4 h5 31. Kf2 Kg7 ({Better is} 31... Rd2+ $1 32. Ke3 Rg2) 32. Kf3 $2 {[#]} (32. g4 $17) 32... Kf6 $2 (32... Rd3+ $1 $19 {and Black stays clearly on top.} 33. Kf2 Ra3) 33. Ke4 (33. g4 $142) 33... Rb6 $17 34. Kf3 {[#]} (34. f5 $17 {was forced.}) 34... Rb3+ $1 $19 35. Kf2 $2 (35. Ke4 {was worth a try.}) 35... Ra3 36. Kg2 a5 37. Kf2 (37. f5 $142) 37... a4 38. Kg2 Ke6 39. Kf2 f6 40. Ra6+ Kf5 41. Kg2 $2 (41. Ke2) 41... Kg4 42. Rxf6 Rxg3+ 43. Kf2 Rf3+ 44. Kg2 Rxf4 45. Rxg6+ Kxh4 46. Ra6 Rb4 47. Ra5 Kg4 48. Kh2 Rb2+ 49. Kg1 Ra2 (49... Kg3 $142 {[%cal Rb2b1]} 50. Rg5+ Kh4) 50. Kh1 (50. Rc5 $142) 50... a3 {[%cal Ba4a3,Ba3a2][%mdl 32]} 51. Kg1 Kf3 52. Rxh5 Rg2+ {Black mates.} 53. Kf1 a2 {[%cal Ra2a1]} 54. Ra5 Rb2 {Accuracy: White = 34%, Black = 75%.} 0-1

[Event "47th GER-ch Blitz 2020"]
[Site "Magdeburg"]
[Date "2020.08.15"]
[Round "22.10"]
[White "Ehmann, Thilo"]
[Black "Svane, Frederik"]
[Result "0-1"]
[WhiteElo "2329"]
[BlackElo "2421"]
[Annotator "ChessBase"]
[PlyCount "64"]
[EventDate "2020.07.28"]
[EventType "tourn"]
[EventCountry "GER"]
[SourceTitle "playchess.com"]
[Source "ChessBase"]
[SourceQuality "1"]
[TimeControl "180+2"]

1. e4 {[%emt 0:00:00]} c5 {[%emt 0:00:00]} 2. Nf3 g6 3. h4 {[%emt 0:00:22]} h5 {[%emt 0:00:01]} 4. Nc3 {[%emt 0:00:06]} Bg7 {[%emt 0:00:01]} 5. Ng5 {[%emt 0:00:16]} Nc6 {[%emt 0:00:03]} 6. d3 {[%emt 0:00:09]} d6 {[%emt 0:00:13]} 7. Be2 {[%emt 0:00:13]} Nf6 {[%emt 0:00:01]} 8. Bf4 {[%emt 0:00:08]} Nd4 {[%emt 0:00:11]} 9. Qd2 {[%emt 0:00:11]} Ne6 {[%emt 0:00:26]} 10. Nxe6 {[%emt 0:00:28]} Bxe6 {[%emt 0:00:01]} 11. f3 {[%emt 0:00:01]} Rb8 {[%emt 0:00:09]} 12. d4 {[%emt 0:00:26]} cxd4 {[%emt 0:00:05]} 13. Qxd4 {[%emt 0:00:00]} a6 {[%emt 0:00:15]} 14. O-O-O {[%emt 0:00:11]} Qa5 {[%emt 0:00:12]} 15. g4 {[%emt 0:00:26]} hxg4 {[%emt 0:00:09]} 16. fxg4 {[%emt 0:00:01]} Nh5 {[%emt 0:00:01]} 17. Qe3 {[%emt 0:00:10]} Nxf4 {[%emt 0:00:02]} 18. Qxf4 {[%emt 0:00:01]} Bxc3 {[%emt 0:00:05]} 19. bxc3 {[%emt 0:00:01]} Qxc3 {[%emt 0:00:04]} 20. Rhf1 {[%emt 0:00:07]} Rxh4 {[%emt 0:00:06]} 21. Bd3 {[%emt 0:00:03]} Rc8 {[%emt 0:00:05]} 22. Qg3 {[%emt 0:00:05]} Rh8 {[%emt 0:00:08]} 23. g5 {[%emt 0:00:07]} Bxa2 {[%emt 0:00:07]} 24. Rf3 {[%emt 0:00:03]} Bc4 {[%emt 0:00:07]} 25. Bxc4 {[%emt 0:00:04]} Qxc4 {[%emt 0:00:02]} 26. Qf2 {[%emt 0:00:02]} Qxe4 {[%emt 0:00:08]} 27. Rdd3 {[%emt 0:00:01]} Rh1+ {[%emt 0:00:03]} 28. Kb2 {[%emt 0:00:00]} Qe5+ {[%emt 0:00:03]} 29. c3 {[%emt 0:00:05]} Qb5+ {[%emt 0:00:01]} 30. Kc2 {[%emt 0:00:03]} Qb1+ {[%emt 0:00:02]} 31. Kd2 {[%emt 0:00:00]} Rd1+ {[%emt 0:00:10]} 32. Ke2 {[%emt 0:00:04]} Qc2+ {[%emt 0:00:02]} 0-1

[Event "47th GER-ch Blitz 2020"]
[Site "Magdeburg"]
[Date "2020.08.15"]
[Round "22.11"]
[White "Baskin, Robert"]
[Black "Reichmann, Hendrik"]
[Result "1-0"]
[WhiteElo "2390"]
[BlackElo "2348"]
[Annotator "ChessBase"]
[PlyCount "51"]
[EventDate "2020.07.28"]
[EventType "tourn"]
[EventCountry "GER"]
[SourceTitle "playchess.com"]
[Source "ChessBase"]
[SourceQuality "1"]
[TimeControl "180+2"]

1. e4 {[%emt 0:00:00]} g6 {[%emt 0:00:00]} 2. d4 {[%emt 0:00:00]} Bg7 {[%emt 0:00:00]} 3. Nc3 {[%emt 0:00:02]} d6 {[%emt 0:00:01]} 4. f4 {[%emt 0:00:01]} a6 {[%emt 0:00:01]} 5. Nf3 {[%emt 0:00:01]} Nd7 {[%emt 0:00:01]} 6. Bd3 {[%emt 0:00:03]} c5 {[%emt 0:00:01]} 7. dxc5 {[%emt 0:00:34]} Nxc5 {[%emt 0:00:02]} 8. Be3 {[%emt 0:00:02]} Nf6 {[%emt 0:00:44]} 9. Bxc5 {[%emt 0:00:08]} dxc5 {[%emt 0:00:01]} 10. e5 {[%emt 0:00:02]} Ng4 {[%emt 0:00:04]} 11. Qe2 {[%emt 0:00:05]} O-O {[%emt 0:00:47]} 12. O-O-O {[%emt 0:00:03]} Qa5 {[%emt 0:00:26]} 13. h3 {[%emt 0:00:04]} Nh6 {[%emt 0:00:01]} 14. g4 {[%emt 0:00:02]} Qb4 {[%emt 0:00:03]} 15. Nd5 {[%emt 0:00:10]} Qa4 {[%emt 0:00:08]} 16. Kb1 {[%emt 0:00:15]} Be6 {[%emt 0:00:02]} 17. b3 {[%emt 0:00:01]} Qa5 {[%emt 0:00:03]} 18. Nxe7+ {[%emt 0:00:08]} Kh8 {[%emt 0:00:01]} 19. f5 {[%emt 0:00:02]} c4 {[%emt 0:00:08]} 20. Bxc4 {[%emt 0:00:17]} Bxc4 {[%emt 0:00:01]} 21. Qxc4 {[%emt 0:00:01]} gxf5 {[%emt 0:00:39]} 22. gxf5 {[%emt 0:00:06]} Rfe8 {[%emt 0:00:16]} 23. f6 {[%emt 0:00:10]} Rxe7 {[%emt 0:00:08]} 24. fxe7 {[%emt 0:00:04]} Re8 {[%emt 0:00:01]} 25. Rd7 {[%emt 0:00:10]} Nf5 {[%emt 0:00:05]} 26. Qxf7 {[%emt 0:00:02]} 1-0

[Event "47th GER-ch Blitz 2020"]
[Site "Magdeburg"]
[Date "2020.08.15"]
[Round "22.12"]
[White "Barzen, Pascal"]
[Black "Svane, Rasmus"]
[Result "0-1"]
[WhiteElo "2321"]
[BlackElo "2613"]
[Annotator "TA"]
[PlyCount "114"]
[EventDate "2020.07.28"]
[EventType "tourn"]
[EventCountry "GER"]
[SourceTitle "playchess.com"]
[Source "ChessBase"]
[SourceQuality "1"]

{[%evp 14,114,30,27,29,28,63,28,33,0,11,0,0,0,1,-25,-15,-24,-19,-45,-48,-114,-99,-125,-138,-138,-129,-149,-155,-163,-83,-141,-51,-77,-22,-29,-29,-23,35,27,33,28,29,44,27,16,35,21,36,-1,94,0,0,-8,-8,-22,-49,-142,-133,-233,-226,-217,-217,-201,-214,-217,-208,-205,-218,-168,-24,-22,-22,-27,-22,-29,-8,-42,0,-387,-424,-404,-381,-337,-320,-2218,-2039,-1785,-1754,-897,-896,-29959,-29955,-29980,-29981,-29983,-29984,-29982,-29983,-29983,-29984,-29984,-29984]} 1. e4 c6 2. d4 d5 3. Nd2 dxe4 4. Nxe4 Nf6 5. Nxf6+ exf6 6. c3 Bd6 7. Bd3 O-O 8. Qc2 Re8+ {B15: Caro-Kann: 3 Nc3: 3...g6 and 3...dxe4 4 Nxe4 Nf6 5 Nxf6+ exf6.} 9. Ne2 h5 10. Bd2 Nd7 {White has an edge.} 11. O-O-O Nf8 12. Kb1 Be6 {[#]} 13. h3 $146 ({Predecessor:} 13. f4 b5 14. Ng3 b4 15. f5 Bd7 16. Nxh5 bxc3 17. Bxc3 Rb8 18. g4 Bb4 19. Rhg1 {½-½ (56) Guerra Mendez,J (2531)-Asis Gargatagli,H (2529) Vila Seca 2018}) 13... b5 14. g4 h4 $1 15. Rhg1 a5 16. g5 f5 17. Bf4 (17. c4 $15) 17... Ng6 $17 18. Bxd6 Qxd6 19. Nc1 Qd5 20. Qd2 b4 21. Bc2 Reb8 (21... Qf3 $19 22. Qd3 Qxf2) 22. Ka1 (22. c4 $142 Qxc4 23. Bb3) 22... Qf3 (22... bxc3 $17 23. Qxc3 a4) 23. Qe3 $15 Qf4 (23... Qxe3 $17 24. fxe3 Ne7) 24. Nd3 $1 $11 {[%cal Rd3f4]} Qxe3 25. fxe3 Bc4 (25... Ra7 $11) 26. Nc5 $14 bxc3 27. bxc3 Ne7 28. Nd7 Rb7 29. Ne5 Be6 30. c4 Rab8 31. Bd3 Kf8 (31... Rb2 $11 {remains equal.}) 32. Rb1 (32. e4 $16) 32... Rxb1+ $11 33. Rxb1 Rxb1+ 34. Kxb1 {[%mdl 4096] Endgame KBN-KBN} f4 $1 35. exf4 ({Better is} 35. Nf3 $1 $15) 35... Bxh3 $17 36. Nf3 (36. Kc1 $17 {is a better defense.}) 36... Bf5 $19 37. Kc2 h3 $1 38. Kd2 Bxd3 39. Kxd3 {KN-KN} Nf5 40. Ke4 Ng3+ 41. Ke3 {[#]} Ke7 ({Black should try} 41... a4 $1 $19 {And now ...Ke7 would win.} 42. c5 Ke7) 42. Kf2 $11 Ne4+ 43. Kg1 $1 f6 44. Kh2 Nc3 45. a3 Nb1 46. d5 $2 {[%mdl 8192]} (46. a4 $11) 46... cxd5 $19 47. cxd5 Nxa3 48. Nd4 {[#]} Nc4 $1 49. gxf6+ $2 (49. Nf5+ Kf7 50. d6) 49... gxf6 50. Kxh3 Kd6 51. Kg4 Kxd5 52. Nc2 Ke4 {Black mates.} 53. Na1 a4 54. Kg3 Ne3 55. Kf2 Kxf4 56. Ke2 Ke4 57. Kd2 f5 {Accuracy: White = 56%, Black = 76%.} 0-1